Jacksonville Jaguars 2021 Roster - Statistics

General Stats
  • This quiz has been taken 42 times
  • The average score is 14 of 36
Answer Stats
Pos. Player % Correct
RB James Robinson
100%
OT Cam Robinson
97%
QB Trevor Lawrence
97%
WR DJ Chark
78%
WR Marvis Jones
78%
CB Sidney Jones
78%
Coach Urban Meyer
76%
RB Travis Etienne
65%
LB Josh Allen
62%
QB Gradner Minshew
59%
LB Myles Jack
54%
WR Laviska Shenault
49%
K Josh Lambo
43%
QB CJ Beathard
38%
WR Collin Johnson
38%
CB Shaq Griffin
38%
RB Carlos Hyde
32%
C Brandon Linder
30%
CB CJ Henderson
30%
CB Tyson Campbell
30%
P Logan Cooke
27%
OG Andrew Norwell
22%
OT Jawaan Taylor
22%
S Rayshawn Jenkins
22%
DE Roy Robertson-Harris
22%
TE Chris Manhertz
19%
TE Tim Tebow
19%
LB K'Lavon Chaisson
16%
DT Malcolm Brown
16%
CB Tre Herndon
16%
S Jarrod Wilson
14%
LB Joe Schobert
14%
OG AJ Cann
11%
DE Taven Bryan
11%
WR Phillip Dorsett
8%
DT Jay Tufele
3%
No matching quizzes found
Score Distribution
Percent of People with Each Score
Percentile by Number Answered
Your Score History
You have not taken this quiz